| 000 | 00697nam a2200193 a 4500 | ||
|---|---|---|---|
| 005 | 20210223121251.0 | ||
| 008 | 991125s1985 mx 000 0 spa u | ||
| 035 | _aUPN01000014704 | ||
| 049 | _aF | ||
| 050 | 4 |
_aF1203 _bC8 no.18 |
|
| 245 | 0 | 3 |
_aEl Despertador Americano / _ccolab. Verónica Zárate Toscano. |
| 260 |
_aMéxico : _bINEHRM, _c1985. |
||
| 300 | _a79 p. | ||
| 440 | 0 |
_aSerie de cuadernos conmemorativos ; _v18 |
|
| 500 | _a"Comisión Nacional para la Celebración del 175 Aniversario de la Independencia Nacional y 75 Aniversario de la Revolución Mexicana" | ||
| 650 | 4 |
_aPERIODISMO - _zMEXICO - _xHISTORIA |
|
| 700 | 1 |
_aZárate Toscano, Verónica, _ecolab. _937963 |
|
| 905 | _aLibro | ||
| 999 |
_c14704 _d14704 |
||